Bernolákovo - kaštieľ Poľnohospodárska technická škola

Zobrazenie: Pohľad z trávnika na budovu kaštieľa. Pred budovou sú stromy a vľavo stoja dvaja muži. V popredí vpravo je mohutný, opadaný strom a vľavo obdaleč je ďalší opadaný strom

Bibliographic Details
Format: Postcard
Language:Slovak
PhysicalDescription:1 pohľadnica čiernobiela 11 x 15 cm
Published: Bratislava Slovenské vydavateľstvo politickej literatúry 1960
Subjects:

MARC

LEADER 00000nkm a2200000 a 4500
001 vtls011919068
003 SK-MaSNL
005 20260512124849.0
007 kp bo
008 240131s1960 xo g kuslo
015 |a SNBG1960 
035 |a urn:nbn:sk:snk-km00e9w2 
035 |a urn:nbn:sk:snk-km43ha5 
035 |a 4FDE2D02-BC6B-40F3-A45C-25627B7A3C1F 
040 |a SNK  |b slo  |c SNK  |e AACR2 
041 0 |a slo 
043 |a e-xo--- 
044 |a xo  |c SK 
072 7 |a 913  |x Regionálna geografia  |2 konspekt 
080 |a 913(437.6)  |2 2011 
080 |a 782.82  |2 2011 
080 |a 721  |2 2011 
080 |a (084.121)  |2 2011 
080 |a 373.5  |2 2011 
245 0 0 |a Bernolákovo - kaštieľ  |h grafika  |b Poľnohospodárska technická škola 
260 |a Bratislava  |b Slovenské vydavateľstvo politickej literatúry  |c 1960 
300 |a 1 pohľadnica  |b čiernobiela  |c 11 x 15 cm 
520 8 |a Zobrazenie: Pohľad z trávnika na budovu kaštieľa. Pred budovou sú stromy a vľavo stoja dvaja muži. V popredí vpravo je mohutný, opadaný strom a vľavo obdaleč je ďalší opadaný strom 
610 2 7 |a Poľnohospodárska technická škola (Bernolákovo, Slovensko)  |2 SNKKA  |9 362281 
650 0 7 |a budovy  |2 SNKPH  |9 1283 
650 0 7 |a kaštiele  |2 SNKPH  |9 28599 
650 0 7 |a stredné odborné školy  |2 SNKPH  |9 67892 
651 7 |a Bernolákovo (Slovensko)  |2 SNKPHgeo  |9 16122 
655 7 |a miestne pohľadnice  |2 SNKPH  |9 70510 
852 |a Slovenská národná knižnica 
958 |a GBN 
958 |a GC 
958 |a OND 
958 |a EUIPO 
999 |c 950700  |d 952630 
952 |a SNK  |b SNK  |y PREZ  |7 0  |p 17A1224605  |o snkSP 9478  |z Pohľadnica prešla poštou.  |0 0  |1 0  |4 0  |d 2020-02-20  |f 1  |l 0  |r 2026-02-24 09:47:17  |w 2026-02-24